| 000 | 01123nam a2200337 i 4500 | ||
|---|---|---|---|
| 001 | 000039833 | ||
| 003 | DO-SdBNP | ||
| 005 | 20250303120416.0 | ||
| 007 | ta | ||
| 008 | 100114s2001 dr 001 0 spa d | ||
| 020 | _a9993475017 | ||
| 040 |
_aDO-SdBNP _bspa _cBNPHU _erda |
||
| 041 | _aspa | ||
| 082 | 4 |
_aRD863.44 _bG215p _222 |
|
| 100 | 1 |
_aGarcía Romero, Rafael, _d1957- _91671 _eautor _4aut. |
|
| 245 | 1 | 0 |
_aA puro dolor : _by otros cuentos / _cRafael Gercía Romero. |
| 264 | 4 |
_aSanto Domingo : _bCEDIBIL, _c©2001. |
|
| 300 |
_a156 páginas ; _c22 cm. |
||
| 336 |
_atexto _btxt _2rdacontent |
||
| 337 |
_asin mediación _bn _2rdamedia |
||
| 338 |
_avolumen _bnc _2rdacarrier |
||
| 490 | 0 |
_aColección calímaco ; _v14 |
|
| 490 | 0 |
_aSerie narrativa ; _v3 |
|
| 500 | _aIncluye datos biográficos del autor en las solapas de las cubiertas. | ||
| 590 | _aInventariado, 2025/ YL | ||
| 650 | 0 |
_aCuentos dominicanos _9176 |
|
| 650 | 0 |
_aLiteratura dominicana. _967 |
|
| 710 | 2 |
_aCentro Dominicano de Investigaciones Bibliográficas _91224 |
|
| 910 | _aYlockward/ Validado. Control de calidad MFF | ||
| 942 |
_2ddc _cLBS1 |
||
| 999 |
_c39323 _d39323 |
||